00493nam a2200157Ia 4500008004100000082001400041100002400055245003200079600001200111630003200123700001200155730003200167942000900199999001700208952011000225090122s9999 xx 000 0 und d b1632a827 aPitarinbAcSorokim aReconstruction of Humanity  aPitarin aReconstruction of Humanity  aPitarin aReconstruction of Humanity  cBOOK c25710d25710 00104070aDOMGRANTHbDOMGRANTHd2009-01-22l0o1632pDOM-1632r2009-01-22 00:00:00t1w2009-01-22yBOOK